Panorama de la literatura nicaragüense
Spremljeno u:
| Glavni autor: | |
|---|---|
| Format: | Knjiga |
| Jezik: | Undetermined |
| Izdano: |
Managua, Nicaragua
Ediciones Centenario Rubén Darío
1966
|
| Teme: | |
| Oznake: |
Dodaj oznaku
Bez oznaka, Budi prvi tko označuje ovaj zapis!
|
MARC
| LEADER | 00000nam a2200000Ia 4500 | ||
|---|---|---|---|
| 008 | 170316s9999 xx 000 0 und d | ||
| 040 | |a cru BVZT | ||
| 090 | |a 860 A-28p | ||
| 100 | |a Arellano, Jorge Eduardo |9 1000 | ||
| 245 | |a Panorama de la literatura nicaragüense |c / Jorge Eduardo Arellano | ||
| 260 | |a Managua, Nicaragua |b Ediciones Centenario Rubén Darío |c 1966 | ||
| 300 | |a 180 páginas | ||
| 650 | |a LITERATURA LATINOAMERICANA |9 15 | ||
| 999 | |c 8319 |d 8319 | ||
| 942 | |c 15 D |h 860 A-28p |2 z | ||
